00598nam a2200217 a 45000010005000000030009000050080041000140200015000550400028000700820016000981000029001142450031001432500007001742600053001813000009002346500034002436500042002776500032003199420012003519990017003635418CO-ViMGA141112s2004 ck r 000 u spa d a9583001554 aCO-ViMGAbspacCO-ViMGA04a342.02 L1711 aLasalle, Ferdinand9514710aQue es una constitución? a2a aSantafé de Bogotá : bPanAméricana, c1994 a92 p14aCONSTITUCION Política9514814aTEORIA - DERECHO CONSTITUCIONAL9514914aTEORIA CONSTITUCIONAL95150 2ddccBK c17406d17406